Score 0/18 Timer 02:00
0 Plays Today
Movie Title Missing Word % Correct
A Bug's _____Life
97.3%
The _____ SuspectsUsual
88.5%
Midnight in the Garden of _____ and EvilGood
84.9%
The Men Who _____ at GoatsStare
84.8%
Pay It _____Forward
83.3%
_____ BeautyAmerican
74.7%
Superman _____Returns
67.9%
_____ with SharksSwimming
63.8%
L.A. _____Confidential
59.6%
Movie Title Missing Word % Correct
A Time to _____Kill
54.6%
Glengarry Glen _____Ross
44.6%
_____ ClausFred
39%
The Life of _____ GaleDavid
23.3%
_____ AdultsConsenting
20.7%
_____ the SeaBeyond
14.2%
The _____ NewsShipping
13.9%
_____ & JuneHenry
11.6%
_____ of InventionFather
10%

Today's Daily Dose

Missing Word
Lizzo Songs

Get the Picture
The Longest Rivers

Remove Ads.
Support Sporcle.
Get the best of Sporcle when you Go Orange. This ad-free experience offers more features, more stats, and more fun while also helping to support Sporcle. Thank you for becoming a member.

You're not logged in!

Compare scores with friends on all Sporcle quizzes.
OR
Log In

Show Comments

Extras

Top Quizzes Today


Score Distribution

Your Account Isn't Verified!

In order to create a playlist on Sporcle, you need to verify the email address you used during registration. Go to your Sporcle Settings to finish the process.

Report this User

Report this user for behavior that violates our Community Guidelines.

Details: